Statistics for 100 Largest Economies in 2100

Click here to take the quiz!

General Stats

  • This quiz has been taken 50 times
    (11 since last reset)
  • The average score is 84 of 100

Answer Stats

Answer% Correct
China
100%
India
100%
Nigeria
100%
United States
100%
Algeria
89%
Argentina
89%
Australia
89%
Austria
89%
Bangladesh
89%
Brazil
89%
Bulgaria
89%
Cameroon
89%
Canada
89%
Chile
89%
Colombia
89%
Cuba
89%
Czechia
89%
Democratic Republic of the Congo
89%
Denmark
89%
Egypt
89%
Finland
89%
France
89%
Germany
89%
Greece
89%
Hungary
89%
Iceland
89%
Indonesia
89%
Iran
89%
Iraq
89%
Ireland
89%
Israel
89%
Italy
89%
Japan
89%
Kazakhstan
89%
Madagascar
89%
Malawi
89%
Malaysia
89%
Mexico
89%
Morocco
89%
Mozambique
89%
Nepal
89%
Netherlands
89%
New Zealand
89%
Norway
89%
Pakistan
89%
Peru
89%
Philippines
89%
Portugal
89%
Russia
89%
Saudi Arabia
89%
Serbia
89%
South Africa
89%
South Korea
89%
Spain
89%
Sri Lanka
89%
Sweden
89%
Switzerland
89%
Syria
89%
Taiwan
89%
Tanzania
89%
Thailand
89%
Turkey
89%
United Arab Emirates
89%
United Kingdom
89%
Venezuela
89%
Vietnam
89%
Yemen
89%
Zambia
89%
Afghanistan
78%
Angola
78%
Belgium
78%
Benin
78%
Chad
78%
Ethiopia
78%
Jordan
78%
Kuwait
78%
Mali
78%
Niger
78%
Poland
78%
Romania
78%
Senegal
78%
Slovakia
78%
Slovenia
78%
Sudan
78%
Uzbekistan
78%
Zimbabwe
78%
Azerbaijan
67%
Bolivia
67%
Botswana
67%
Costa Rica
67%
Dominican Republic
67%
Ecuador
67%
Ghana
67%
Guatemala
67%
Ivory Coast
67%
Kenya
67%
Singapore
67%
Uganda
67%
Ukraine
67%
Rwanda
44%

Score Distribution

Percentile by Number Answered

Percent of People with Each Score

Your Score History

You have not taken this quiz since the last reset